|
|
|
|
| LEADER |
00987cam a2200265 7i4500 |
| 001 |
0000054073 |
| 005 |
20230718090000.0 |
| 090 |
0 |
0 |
|a HQ734
|b .G68
|
| 100 |
1 |
|
|a Gottman, John M
|
| 245 |
1 |
4 |
|a The seven principles for making marriage work
|c John M. Gottman and Nan Silver.
|
| 264 |
|
|
|a New York:
|b Crown Publishers,
|c [date of publication not identified].
|
| 300 |
|
|
|a 1 online resource (266 pages):
|b text file, PDF.
|
| 336 |
|
|
|a text
|2 rdacontent
|
| 337 |
|
|
|a computer
|2 rdamedia
|
| 338 |
|
|
|a online resource
|2 rdacarrier
|
| 650 |
|
0 |
|a Marriage
|
| 650 |
|
0 |
|a Married people --
|x Psychology
|
| 650 |
|
0 |
|a Communication in marriage
|
| 650 |
|
0 |
|a Man-woman relationships
|
| 655 |
|
0 |
|a Electronic books
|
| 700 |
1 |
|
|a Silver, Nan
|
| 856 |
4 |
2 |
|u http://library.unisel.edu.my/web/guest/mylibrary
|
| 997 |
|
|
|a Education & Social Sciences, Faculty
|b Early Chilhood Studies, Department
|
| 998 |
|
|
|a Early Childhood Education, Degree
|
| 999 |
|
|
|a EBO0000457
|b EBOOK
|c EBOOK
|e Electronic resources
|